[Event "Queensland-ch"]
[Site "Brisbane"]
[Date "2019.10.07"]
[Round "9"]
[White "Liu, Yi"]
[Black "Paevskiy, Igor"]
[Result "1/2-1/2"]
[WhiteElo "2247"]
[BlackElo "1999"]
[PlyCount "37"]
[EventDate "2019.10.03"]
[EventType "swiss"]
[EventRounds "9"]
[EventCountry "AUS"]
[SourceTitle "EXT 2021"]
[Source "ChessBase"]
[SourceDate "2020.10.23"]
[SourceVersion "1"]
[SourceVersionDate "2020.10.23"]
[SourceQuality "1"]

1. d4 Nf6 2. c4 c5 3. d5 b5 4. cxb5 a6 5. bxa6 g6 6. Nc3 Bg7 7. e4 0-0 8. e5 Ne8 9. Nf3 d6 10. exd6 exd6 11. Be2 Nxa6 12. 0-0 Bb7 13. Nd2 Nec7 14. Nc4 Nb4 15. Bf4 Bxc3 16. bxc3 Nbxd5 17. Bxd6 Nxc3 18. Qd3 Nxe2+ 19. Qxe2 1/2-1/2

[Event "Queensland-ch"]
[Site "Brisbane"]
[Date "2019.10.05"]
[Round "4"]
[White "Paevskiy, Igor"]
[Black "Post, Martin J"]
[Result "1-0"]
[WhiteElo "1999"]
[BlackElo "1753"]
[PlyCount "84"]
[EventDate "2019.10.03"]
[EventType "swiss"]
[EventRounds "9"]
[EventCountry "AUS"]
[SourceTitle "EXT 2021"]
[Source "ChessBase"]
[SourceDate "2020.10.23"]
[SourceVersion "1"]
[SourceVersionDate "2020.10.23"]
[SourceQuality "1"]

1. c4 Nf6 2. g3 e6 3. Bg2 d5 4. Nf3 c6 5. d4 Nbd7 6. 0-0 Bd6 7. Nc3 b6 8. e4 Nxe4 9. Nxe4 dxe4 10. Ng5 Nf6 11. Nxe4 Nxe4 12. Bxe4 Bb7 13. Qc2 Qe7 14. c5 bxc5 15. dxc5 Be5 16. Re1 Qc7 17. Be3 0-0-0 18. Qc4 g6 19. Rab1 Qa5 20. b4 Qa4 21. Bc2 Qb5 22. Qe4 Bc3 23. a4 Qa6 24. Bf4 Rhe8 25. Red1 Rxd1+ 26. Rxd1 f5 27. Qe3 Qc4 28. Rd3 Bb2 29. Bb3 Qe4 30. Qxe4 fxe4 31. Re3 e5 32. Rxe4 Kd7 33. Bg5 Ba6 34. Rh4 h5 35. Bf7 Rf8 36. Bxg6 Be2 37. Bxh5 Bd3 38. Be3 Ke6 39. Bg4+ Kd5 40. Bd1 Bc4 41. Bc2 Ke6 42. Rxc4 Kd5 1-0

[Event "Queensland-ch"]
[Site "Brisbane"]
[Date "2019.10.04"]
[Round "2"]
[White "Holt, Stuart"]
[Black "Paevskiy, Igor"]
[Result "1-0"]
[WhiteElo "1824"]
[BlackElo "1999"]
[PlyCount "71"]
[EventDate "2019.10.03"]
[EventType "swiss"]
[EventRounds "9"]
[EventCountry "AUS"]
[SourceTitle "EXT 2021"]
[Source "ChessBase"]
[SourceDate "2020.10.23"]
[SourceVersion "1"]
[SourceVersionDate "2020.10.23"]
[SourceQuality "1"]

1. e4 c5 2. Nf3 e6 3. d4 cxd4 4. Nxd4 Nc6 5. Nc3 Qc7 6. Be3 a6 7. Qf3 d6 8. 0-0-0 Bd7 9. Qg3 Nf6 10. f4 Rc8 11. Rd2 b5 12. Nxc6 Bxc6 13. e5 dxe5 14. fxe5 Ne4 15. Nxe4 Bxe4 16. c3 Qa5 17. Qf4 Bd5 18. Rxd5 exd5 19. Bd3 Qc7 20. Rf1 b4 21. Bxa6 Rb8 22. c4 g5 23. Qf6 Rg8 24. e6 fxe6 25. Qxe6+ Qe7 26. Bb5+ Rxb5 27. Qxe7+ Kxe7 28. cxb5 Ke6 29. Bxg5 Bd6 30. h4 Rc8+ 31. Kd2 Ra8 32. Rf6+ Ke5 33. Rf7 h5 34. b6 Ke6 35. b7 Rg8 36. Rf6+ 1-0

[Event "Doeberl Cup 56th"]
[Site "Canberra"]
[Date "2018.03.30"]
[Round "4"]
[White "Paevskiy, Igor"]
[Black "Specht, Josh"]
[Result "1/2-1/2"]
[WhiteElo "1919"]
[BlackElo "2094"]
[PlyCount "97"]
[EventDate "2018.03.29"]
[EventType "swiss"]
[EventRounds "9"]
[EventCountry "AUS"]
[SourceTitle "EXT 2023"]
[Source "ChessBase"]
[SourceDate "2022.10.05"]
[SourceVersion "1"]
[SourceVersionDate "2022.10.05"]
[SourceQuality "1"]

1. c4 e5 2. g3 d6 3. Bg2 f5 4. d4 Be7 5. Nc3 Nf6 6. Nh3 0-0 7. 0-0 Qe8 8. dxe5 dxe5 9. Nd5 Bd8 10. Bg5 c6 11. Bxf6 gxf6 12. Ne3 Qh5 13. f4 Bb6 14. Qb3 Be6 15. Rfe1 Nd7 16. Nf2 Kh8 17. Qc3 Bd4 18. Qd2 Rad8 19. Rad1 Nb6 20. b3 exf4 21. gxf4 Qh4 22. Nd3 Bxc4 23. Kh1 Bxd3 24. Qxd3 Qxf4 25. Nxf5 Be5 26. Qh3 Rxd1 27. Rxd1 Nd5 28. e3 Qg5 29. Be4 Nc3 30. Rd7 h5 31. Bf3 Rg8 32. Qxh5+ Qxh5 33. Bxh5 Ne4 34. Ng3 Bxg3 35. Bf7 Nf2+ 36. Kg2 Rg7 37. hxg3 Ne4 38. Rxb7 Kh7 39. Rb4 Rxg3+ 40. Kh2 Rxe3 41. Ra4 Kh6 42. Rxa7 Kg5 43. Bc4 Kf4 44. Rc7 c5 45. a4 Rc3 46. a5 Rc2+ 47. Kg1 Rc1+ 48. Kg2 Rc2+ 49. Kg1 1/2-1/2

[Event "Doeberl Cup 56th"]
[Site "Canberra"]
[Date "2018.03.29"]
[Round "1"]
[White "Liu, Yi"]
[Black "Paevskiy, Igor"]
[Result "1-0"]
[WhiteElo "2322"]
[BlackElo "1919"]
[PlyCount "48"]
[EventDate "2018.03.29"]
[EventType "swiss"]
[EventRounds "9"]
[EventCountry "AUS"]
[SourceTitle "CBM 187 Extra"]
[Source "ChessBase"]
[SourceDate "2018.11.04"]
[SourceVersion "1"]
[SourceVersionDate "2018.11.04"]
[SourceQuality "1"]

1. d4 Nf6 2. Nf3 c5 3. c3 Qc7 4. Bg5 Ne4 5. Bh4 d5 6. Nbd2 Bf5 7. e3 cxd4 8. Nxd4 Nxd2 9. Qxd2 Be4 10. f3 Bg6 11. Nb5 Qc5 12. Qxd5 Qxd5 13. Nc7+ Kd7 14. Nxd5 e6 15. Nf4 Bc2 16. Bb5+ Kc7 17. Rc1 a6 18. Be8 Be7 19. Bxf7 Bxh4+ 20. g3 e5 21. Nd5+ Kd6 22. gxh4 Rf8 23. Rxc2 Rxf7 24. Nb6 Ra7 1-0

[Event "Doeberl Cup 56th"]
[Site "Canberra"]
[Date "2018.03.29"]
[Round "2"]
[White "Paevskiy, Igor"]
[Black "Maguire, Tom"]
[Result "0-1"]
[WhiteElo "1919"]
[BlackElo "2096"]
[PlyCount "74"]
[EventDate "2018.03.29"]
[EventType "swiss"]
[EventRounds "9"]
[EventCountry "AUS"]
[SourceTitle "EXT 2023"]
[Source "ChessBase"]
[SourceDate "2022.10.05"]
[SourceVersion "1"]
[SourceVersionDate "2022.10.05"]
[SourceQuality "1"]

1. c4 e5 2. g3 Nf6 3. Bg2 Nc6 4. Nc3 Bb4 5. e4 a5 6. Nge2 d6 7. 0-0 Bg4 8. h3 Bxe2 9. Nxe2 Bc5 10. d3 Nd7 11. Kh2 Nf8 12. f4 Ne6 13. Nc3 h5 14. Nd5 h4 15. g4 exf4 16. Bxf4 Nxf4 17. Rxf4 Bd4 18. Kh1 Bxb2 19. Rb1 Be5 20. Rxb7 Bxf4 21. Qa4 0-0 22. Nxf4 Nd4 23. Nd5 Rb8 24. Rxb8 Qxb8 25. Ne7+ Kh8 26. Qd1 Re8 27. Qe1 g5 28. Qf2 Rxe7 29. Qf6+ Kg8 30. Qxe7 Qb1+ 31. Kh2 Qc1 32. Qxc7 Qd2 33. Kh1 Qe1+ 34. Kh2 Qf2 35. Qb8+ Kh7 36. Qb1 Nf3+ 37. Kh1 Ne1 0-1